Ćwierćfinaliści Ligi Mistrzów 2024/2025 - Statystyki

Ogólne statystyki
  • Ten quiz został rozwiązany 27 razy
  • Średni wynik to 7 z 8
Statystyki odpowiedzi
Drużyny % Poprawnych
Real Madryt
100%
Arsenal
92%
Barcelona
92%
Bayern Monachium
92%
Inter Mediolan
88%
PSG
88%
Aston Villa
79%
Borussia Dortmund
79%
Nie znaleziono quizów pasujących do podanych kryteriów
Rozkład punktacji
Procent ludzi z każdym wynikiem
Percentyl według liczby udzielonych odpowiedzi
Twoja historia wyników
Nie rozwiązałeś tego quizu